| 000 | 00417nam a2200133Ia 4500 | ||
|---|---|---|---|
| 005 | 20260326235450.0 | ||
| 008 | 260326s9999||||xx |||||||||||||| ||und|| | ||
| 100 | _aMoss, Roger W. | ||
| 245 | 0 |
_aVictorian exterior decoration : _b How to paint your nineteenth-Century American House Histórically / _cRoger W. Moss |
|
| 260 | _bHenry Holt and Co. | ||
| 300 | _a117 p. | ||
| 650 | _aARQUITECTURA RESIDENCIAL | ||
| 942 | _cBK | ||
| 999 |
_c7735 _d7735 |
||